1694 1203 1565 1325 1543 1853 1181 1137 1277 1821 1556 1427 1880 1333 1203 1149 1521 1359 1143 1273 1455 1733 1473 1675 1125 1971 1877 1278 1476 1333 1268 1578 1836 1875 1621 1665 1274 1713 1268 1498 1884 1076 1868 1516 1965 1023 1331 1021 1537 1145 1044 1235 1208 1066 1335 1871 1033 1979 1300 1244 1343 1499 1869 1841 1416 1564 1796 1779 1747 1480 1409 1300 1297 1344 1772 1864 1856 1790 1883 1129 1615 1760 1493 1414 1383 1321 1245 1235 1899 1139 1167 1786 1364 1746 1205 1545 1569 1231 1843 BCNSPRNW ULIB Ver.6.0+V

เปลี่ยนเป็นภาษาไทย

Change to English
 แสดงรายละเอียดบรรณานุกรม
  กลับหน้าหลัก

Brief Record : Get Marc (ISO 2709) : E-mail record : QR code < ปิดหน้าต่าง
LEADER : 00000nam 2200000uu 4500
001    13399122122
003     ULIB
008    121227s2550||||th 000 0 tha d
020    ^a9786110600811
090    ^aนว.^bม111ร
100    ^aอูหลิง^eเขียน
245    ^aมากกว่ารัก รักหวนสู่กลางใจ /^cอูหลิง
260    ^aกรุงเทพฯ :^bแจ่มใส,^c2550
300    ^a207 หน้า
700    ^aมดแดง^eแปล
945    ^p149^l0^i015831
999    ^aวิภา
รายการนี้ยังไม่มีแท็ก
คุณยังไม่ได้ล็อกอิน คุณสามารถมีกิจกรรมร่วมกับเว็บไซต์ได้ แต่ต้องล็อกอินก่อน ::
  ล็อกอิน

รายการสื่อสารสนเทศ

ลำดับที่ ประเภท เลขเรียก/บาร์โค้ด สถานที่ สถานะ
1. นวนิยาย
นวนิยาย
นว. ม111ร  
  Barcode: 015831
ห้องสมุดวิทยาเขตสวรรค์ประชารักษ์
►นวนิยาย
บนชั้น
  ขอยืม

BibComment


ยังไม่เคยถูกคอมเมนท์

คอมเมนท์ทรัพยากรรายการนี้
  คอมเมนท์: มากกว่ารัก รักหว..


 Copyright 2026. Bcnsprnw @Library